विभक्ति और विखंडन : (Record no. 111897)

MARC details
000 -LEADER
fixed length control field 01156nam a22002537a 4500
005 - DATE AND TIME OF LATEST TRANSACTION
control field 20170124102931.0
010 ## - LIBRARY OF CONGRESS CONTROL NUMBER
LC control number B-113626
020 ## - INTERNATIONAL STANDARD BOOK NUMBER
Terms of availability 280.00
International Standard Book Number 818674729
035 ## - SYSTEM CONTROL NUMBER
System control number B-113626
037 ## - SOURCE OF ACQUISITION
Source of stock number/acquisition Cen Lib/Ret
040 ## - CATALOGING SOURCE
Original cataloging agency DPL
Language of cataloging HN
082 ## - DEWEY DECIMAL CLASSIFICATION NUMBER
Classification number 820.8
Item number पचौरी
100 ## - MAIN ENTRY--PERSONAL NAME
Personal name पचौरी, सुधीश
9 (RLIN) 44958
245 ## - TITLE STATEMENT
Title विभक्ति और विखंडन :
Statement of responsibility, etc सुधीश पचौरी
Remainder of title हिन्दी सहोत्य में उत्तर-आधुनिक मोड़ /
246 ## - VARYING FORM OF TITLE
Title proper/short title Vibhakti aur vikhandan : hindi sahitya me uttar-adhunik mod /
Remainder of title by Sudhish Pachauri
260 ## - PUBLICATION, DISTRIBUTION, ETC. (IMPRINT)
Place of publication, distribution, etc दिल्ली
Name of publisher, distributor, etc अनंग प्रकाशन
Date of publication, distribution, etc 2002
270 ## - ADDRESS
Address बी-२०२, उत्तरी घोंडा
City दिल्ली
Postal code 110053
300 ## - PHYSICAL DESCRIPTION
Extent 239पृ.
Dimensions 21सेमी (सजिल्द)
650 ## - SUBJECT ADDED ENTRY--TOPICAL TERM
Topical term or geographic name as entry element हिन्दी साहित्य
9 (RLIN) 44959
650 ## - SUBJECT ADDED ENTRY--TOPICAL TERM
Topical term or geographic name as entry element विभक्ति और विखंडन
9 (RLIN) 3712
650 ## - SUBJECT ADDED ENTRY--TOPICAL TERM
Topical term or geographic name as entry element Hindi literature
9 (RLIN) 44960
650 ## - SUBJECT ADDED ENTRY--TOPICAL TERM
Topical term or geographic name as entry element Division and fragmentation
9 (RLIN) 44961
942 ## - ADDED ENTRY ELEMENTS (KOHA)
Source of classification or shelving scheme Dewey Decimal Classification
Koha item type Hindi Books
Classification part 820.8
Call number suffix पचौरी
Holdings
Withdrawn status Lost status Damaged status Not for loan Home library Current library Date acquired Source of acquisition Cost, normal purchase price Total Checkouts Total Renewals Full call number Barcode Date last seen Date checked out Copy number Cost, replacement price Price effective from Koha item type
        Central Library Central Library 05/08/2015 Cen Lib/Ret 280.00 3 1 820.8 पचौरी B-113626 27/02/2023 25/01/2023 1 280.00 05/08/2015 Hindi Books

© Delhi Public Library
Hit Counter
free hit counter